打造儿童阅读环境 (Record no. 52578)

000 -LEADER
fixed length control field 00513nam a22001937a 4500
003 - CONTROL NUMBER IDENTIFIER
control field MPLRDC
005 - DATE AND TIME OF LATEST TRANSACTION
control field 20220104151839.0
008 - FIXED-LENGTH DATA ELEMENTS--GENERAL INFORMATION
fixed length control field 210129b ||||| |||| 00| 0 eng d
020 ## - INTERNATIONAL STANDARD BOOK NUMBER
International Standard Book Number 957-490-039-8
082 ## - DEWEY DECIMAL CLASSIFICATION NUMBER
Classification number 523.1 CHAM
100 ## - MAIN ENTRY--PERSONAL NAME
Personal name AIDAM CHAMBERS艾登.钱伯斯
245 ## - TITLE STATEMENT
Title 打造儿童阅读环境
Statement of responsibility, etc. 许慧贞译
250 ## - EDITION STATEMENT
Edition statement 一版七刷
260 ## - PUBLICATION, DISTRIBUTION, ETC.
Place of publication, distribution, etc.
Name of publisher, distributor, etc. 天卫文化图书有限公司
Date of publication, distribution, etc. 2002
300 ## - PHYSICAL DESCRIPTION
Other physical details
490 ## - SERIES STATEMENT
Series statement 优质教学. GT09
650 ## - SUBJECT ADDED ENTRY--TOPICAL TERM
Topical term or geographic name entry element 儿童学
942 ## - ADDED ENTRY ELEMENTS (KOHA)
Koha item type Book
-- 523.1 CHAM
Holdings
Withdrawn status Lost status Source of classification or shelving scheme Damaged status Not for loan Collection code Home library Current library Shelving location Date acquired Cost, normal purchase price Total Checkouts Full call number Barcode Date last seen Date last checked out Price effective from Koha item type Public note
            Malaysian Public Library, Research and Development Centre Malaysian Public Library, Research and Development Centre   10/12/2007 27.21   523.1 CHAM 00052756 18/03/2021 22/10/2016 18/03/2021 Book mplrdc

© 2022. Malaysian Public Library, Research and Development Centre. All Right ReservedE-mailmplrdc@help.edu.my 

Powered by Koha